Mots de la langue française terminés par "corne" - Statistiques

Statistiques générales
  • Ce quiz a été pris 154 fois
  • Le résultat moyen est 4 sur 10
Statistiques - réponses
Indice Mot % Correct
animal fabuleux licorne
97%
..... d'abondance corne
95%
signe zodiacal capricorne
94%
chapeau bicorne
81%
cornichon de mer salicorne
39%
Groupe français de musique folk formé en 1973 Malicorne
8%
bagarre (argot) chicorne
6%
ruminant cavicorne
2%
insecte longicorne
2%
coléoptère lamellicorne
0%
Aucun quiz correspondant
Distribution des résultats
% des personnes avec chaque résultat
Percentile par nombre de réponses
Votre historique - résultats
Vous n’avez pas pris ce quiz